[Event "NOR-ch Seniors-A"]
[Site "Stavanger"]
[Date "2017.07.08"]
[Round "9"]
[White "Abrahamsson, Roaul"]
[Black "Parr, Hugo"]
[Result "1-0"]
[WhiteElo "1964"]
[BlackElo "1811"]
[PlyCount "240"]
[EventDate "2017.07.01"]
[EventType "swiss"]
[EventRounds "9"]
[EventCountry "NOR"]
[SourceTitle "EXT 2018"]
[Source "ChessBase"]
[SourceDate "2017.10.13"]
[SourceVersion "1"]
[SourceVersionDate "2017.10.13"]
[SourceQuality "1"]

1. d4 d5 2. c4 c6 3. Nf3 Bf5 4. Qb3 b6 5. Nc3 e6 6. Bf4 Nf6 7. e3 Bd6 8. Ne5 0-0 9. Be2 Ne4 10. Nxe4 Bxe4 11. f3 Bf5 12. Bd3 Bxd3 13. Nxd3 Bxf4 14. Nxf4 Qh4+ 15. g3 Qh6 16. Qa3 Qf6 17. 0-0 dxc4 18. Rac1 b5 19. Qc5 Qd8 20. a4 a6 21. b3 cxb3 22. Qa3 Qb6 23. Qxb3 Nd7 24. Rc2 c5 25. axb5 axb5 26. Rb1 cxd4 27. Qxb5 Qxb5 28. Rxb5 dxe3 29. Rb3 Ra1+ 30. Kg2 g6 31. Rxe3 Rb8 32. Nd3 Nf6 33. Ne5 Nd5 34. Ree2 h5 35. Rb2 Rxb2 36. Rxb2 Ra7 37. Kf2 Kg7 38. Nc6 Rc7 39. Nb8 Nc3 40. Kg2 g5 41. Na6 Ra7 42. Rb6 g4 43. h3 Nd5 44. Rd6 Nf6 45. hxg4 hxg4 46. fxg4 Nxg4 47. Nc5 Ra3 48. Rd7 Kg6 49. Nd3 Nf6 50. Nf4+ Kg7 51. Nxe6+ Kg6 52. Nf4+ Kg7 53. Rd4 Ra5 54. Kh3 Nh5 55. Nd5 Nf6 56. Nf4 Nh5 57. Nd5 Nf6 58. Ne3 Rh5+ 59. Kg2 Kg6 60. Kf3 Rg5 61. g4 Ne8 62. Nf5 Rxf5+ 63. gxf5+ Kxf5 64. Rd5+ Ke6 65. Ra5 f6 66. Kf4 Nd6 67. Ra6 Kd5 68. Ra5+ Ke6 69. Rc5 f5 70. Ra5 Kf6 71. Ra6 Ke6 72. Kg5 Ke5 73. Ra5+ Ke6 74. Kf4 Kf6 75. Re5 Kf7 76. Kg5 f4 77. Kxf4 Kf6 78. Ra5 Ke6 79. Rc5 Kf6 80. Rc1 Ke6 81. Rd1 Nc4 82. Ke4 Nd6+ 83. Kd4 Nf5+ 84. Kc5 Ke5 85. Re1+ Kf4 86. Kd5 Ne3+ 87. Kd6 Nf5+ 88. Ke6 Ng3 89. Re5 Kf3 90. Kf6 Kf4 91. Re1 Ne4+ 92. Ke6 Ng5+ 93. Kd5 Nf3 94. Re2 Kf5 95. Re8 Kf4 96. Rf8+ Ke3 97. Rf7 Nd2 98. Rf8 Kd3 99. Rf2 Ke3 100. Rg2 Nf3 101. Rg4 Kd3 102. Re4 Nd2 103. Rf4 Ke3 104. Ke5 Nf3+ 105. Kf5 Nd4+ 106. Kg4 Kd3 107. Rf2 Ke4 108. Ra2 Ke5 109. Ra3 Ke4 110. Rc3 Ke5 111. Re3+ Kd5 112. Kf4 Ne6+ 113. Kf5 Nd4+ 114. Kf6 Kc4 115. Ke5 Nc6+ 116. Kd6 Nd4 117. Ke5 Nc6+ 118. Kd6 Nd4 119. Re4 Kd3 120. Kd5 Nb3 1-0

[Event "NOR-ch Seniors-A"]
[Site "Stavanger"]
[Date "2017.07.03"]
[Round "3"]
[White "Langmyhr, Tore"]
[Black "Parr, Hugo"]
[Result "0-1"]
[WhiteElo "1929"]
[BlackElo "1811"]
[PlyCount "126"]
[EventDate "2017.07.01"]
[EventType "swiss"]
[EventRounds "9"]
[EventCountry "NOR"]
[SourceTitle "EXT 2018"]
[Source "ChessBase"]
[SourceDate "2017.10.13"]
[SourceVersion "1"]
[SourceVersionDate "2017.10.13"]
[SourceQuality "1"]

1. c4 e5 2. Nc3 Nf6 3. Nf3 Nc6 4. d4 exd4 5. Nxd4 Bb4 6. Bg5 h6 7. Bh4 0-0 8. Rc1 d6 9. e3 Re8 10. Nxc6 bxc6 11. a3 Bxc3+ 12. Rxc3 c5 13. Be2 Rb8 14. b3 g5 15. Bg3 Ne4 16. Rc1 Qf6 17. Bd3 Qb2 18. 0-0 Bf5 19. b4 Qxa3 20. Bxe4 Bxe4 21. b5 a5 22. Qh5 Kg7 23. h4 Bg6 24. Qf3 Be4 25. Qd1 f6 26. hxg5 hxg5 27. Qg4 Re7 28. Rfe1 Kg6 29. Qd1 Qd3 30. Qa4 Qd2 31. Ra1 Ra8 32. Red1 Qb4 33. Qa2 a4 34. f3 Bf5 35. e4 Be6 36. Rac1 Qb3 37. Qe2 a3 38. Be1 Ree8 39. Rc3 Qa4 40. f4 Bf7 41. Ra1 Ra7 42. fxg5 fxg5 43. Rh3 Qxc4 44. Qh5+ Kf6 45. Qh6+ Ke7 46. Qxg5+ Kd7 47. b6 cxb6 48. Raxa3 Rxa3 49. Rxa3 Rxe4 50. Bf2 Kc6 51. Ra7 Re5 52. Qd2 Qd5 53. Qc2 Qb3 54. Qc1 Bd5 55. Ra3 Qb4 56. Rh3 Qe4 57. Rg3 b5 58. Qa1 Kb6 59. Rg7 Re7 60. Rg5 b4 61. Bxc5+ dxc5 62. Qf6+ Qe6 63. Qf4 Qe1+ 0-1

[Event "NOR-ch Seniors-A"]
[Site "Lillehammer"]
[Date "2013.06.29"]
[Round "9"]
[White "Parr, Hugo"]
[Black "Solli, Oddvar"]
[Result "1/2-1/2"]
[WhiteElo "1552"]
[BlackElo "1630"]
[PlyCount "55"]
[EventDate "2013.06.29"]
[EventType "swiss"]
[EventRounds "9"]
[EventCountry "NOR"]
[SourceTitle "EXT 2017"]
[Source "ChessBase"]
[SourceDate "2016.10.25"]
[SourceVersion "1"]
[SourceVersionDate "2016.10.25"]
[SourceQuality "1"]

1. e4 c6 2. d4 d5 3. e5 Bf5 4. Bd3 Bxd3 5. Qxd3 e6 6. Nf3 Qa5+ 7. Nbd2 Qa6 8. Qxa6 Nxa6 9. a3 c5 10. c3 Ne7 11. b4 cxd4 12. cxd4 Nc7 13. Nb3 Nc6 14. Bd2 f6 15. Rc1 Kd7 16. exf6 gxf6 17. Nc5+ Bxc5 18. Rxc5 b6 19. Rc3 a5 20. bxa5 Nxa5 21. Ke2 Nc4 22. Rb1 Ra6 23. Bf4 Rc8 24. Nd2 Nxd2 25. Kxd2 Ne8 26. Rbc1 Rxc3 27. Rxc3 Nd6 28. Bxd6 1/2-1/2

[Event "Molde"]
[Site "Molde"]
[Date "2004.07.04"]
[Round "2"]
[White "Parr, Hugo"]
[Black "Stava, Sissel Janneth"]
[Result "1-0"]
[WhiteElo "1612"]
[BlackElo "1437"]
[PlyCount "75"]
[EventDate "2004.07.03"]
[EventType "swiss"]
[EventRounds "8"]
[EventCountry "NOR"]
[SourceTitle "EXT 2008"]
[Source "ChessBase"]
[SourceDate "2007.11.25"]
[SourceVersion "1"]
[SourceVersionDate "2007.11.25"]
[SourceQuality "1"]

1. e4 e6 2. d4 d5 3. e5 c5 4. c3 Nc6 5. Nf3 Bd7 6. a3 c4 7. Nbd2 f6 8. b4 b5 9. a4 a6 10. Be2 fxe5 11. axb5 axb5 12. Rxa8 Qxa8 13. Nxe5 Nxe5 14. dxe5 Ne7 15. Nf3 Ng6 16. h4 Qb8 17. Qd4 Ne7 18. 0-0 Nf5 19. Qf4 Be7 20. g4 Nh6 21. Be3 Rf8 22. Qg3 Qd8 23. Ra1 Kf7 24. Ra7 Kg8 25. Kg2 Be8 26. Bg5 Rf7 27. Bxe7 Rxe7 28. Ra6 Qc8 29. Ra5 Qb8 30. Nd4 Nf7 31. f4 Nd8 32. h5 Ra7 33. Qh4 Rxa5 34. bxa5 Qc8 35. h6 Nb7 36. Qe7 Qd7 37. Qxd7 Bxd7 38. a6 1-0

[Event "Molde"]
[Site "Molde"]
[Date "2004.07.03"]
[Round "1"]
[White "Lindland, Asbjorn"]
[Black "Parr, Hugo"]
[Result "1/2-1/2"]
[WhiteElo "1522"]
[BlackElo "1612"]
[PlyCount "42"]
[EventDate "2004.07.03"]
[EventType "swiss"]
[EventRounds "8"]
[EventCountry "NOR"]
[SourceTitle "EXT 2008"]
[Source "ChessBase"]
[SourceDate "2007.11.25"]
[SourceVersion "1"]
[SourceVersionDate "2007.11.25"]
[SourceQuality "1"]

1. e4 c5 2. Nf3 Nc6 3. d4 cxd4 4. Nxd4 Nf6 5. Nc3 e5 6. Nxc6 bxc6 7. Bd3 Be7 8. 0-0 0-0 9. Kh1 d5 10. Qe1 d4 11. Ne2 Qc7 12. f4 Bd6 13. f5 c5 14. b3 Bb7 15. Ng3 Be7 16. Qe2 Qb6 17. Bd2 a5 18. a4 Ba6 19. h3 Rfc8 20. Rf2 Ra7 21. Raf1 Qc6 1/2-1/2

[Event "NOR-chB op"]
[Site "Asker"]
[Date "2003.05.31"]
[Round "4"]
[White "Parr, Hugo"]
[Black "Andreassen, Pal M"]
[Result "0-1"]
[WhiteElo "1597"]
[BlackElo "1912"]
[PlyCount "44"]
[EventDate "2003.05.??"]
[EventType "swiss"]
[EventRounds "5"]
[EventCountry "NOR"]
[SourceTitle "EXT 2005"]
[Source "ChessBase"]
[SourceDate "2004.11.15"]
[SourceVersion "1"]
[SourceVersionDate "2004.11.15"]
[SourceQuality "1"]

1. e4 c5 2. c3 e5 3. d4 exd4 4. cxd4 cxd4 5. Qxd4 Nc6 6. Qa4 Nf6 7. Nc3 Bc5 8. Nf3 Ng4 9. Be3 Bxe3 10. fxe3 Nxe3 11. Nd5 Nxf1 12. Rxf1 0-0 13. 0-0-0 Re8 14. e5 Nxe5 15. Qf4 f6 16. Nxe5 Rxe5 17. Qc4 Kh8 18. Rfe1 d6 19. Rxe5 fxe5 20. Ne3 Bf5 21. Rxd6 Qxd6 22. Nxf5 Qd7 0-1